000 00310nam a2200133Ia 4500
008 210428s9999 xx 000 0 und d
020 _a0-7106-2688-6
082 _a660 J331 J
100 _aEdward Downs
_952176
245 0 _aAvionics 2005-2006
260 _bJanes
_auk
_c2005
300 _a938p
942 _cBK
999 _c559942
_d559942